000 01415nam1a2200325 i 4500
001 RU\NLR\bibl\127697
005 20260607070811.0
035 _a(NLR Aleph) 000125101
090 _a713330
_c713330
100 _a20010112g20009999u y0rusy50 ca
101 0 _arus
102 _aRU
105 _ay |||||||||
200 1 _aБиблиография русской библиографии
_eУказ. библиогр. пособий
_fРос. нац. б-ка
_g[Сост. С.Н. Котломанова (отв. сост.) и др.
_gАвт. предисл. и науч. ред. Г.В. Михеева, д.пед.н.]
210 _aСПб.
_cИзд-во РНБ
_d2000
215 _d20
463 0 _1001117154
463 0 _1001747451
606 0 _aБиблиография библиографии
_yРоссия
_91149771
_3RU\NLR\auth\66140523
686 1 _aЯ101(2)
702 1 _aКотломанова
_bС. Н.
_4220
702 1 _4340
_7ca
_8rus
_aМихеева
_bГ. В.
_f1950-
_gГалина Васильевна
_9125545
_3RU\NLR\auth\7715898
711 0 2 _aРоссийская национальная библиотека
_cСанкт-Петербург
_9272031
_3RU\NLR\AUTH\88593
801 0 _aRU
_bNLR
_c20010112
_gPSBO
801 1 _aRU
_bNLR
_c20010112
852 _aNLR
_jС К-2/8510
942 _cBOOK